00317nam a2200145Ia 45000030006000000080041000060400015000471000023000622450026000852500006001112600017001173000006001345460014001400050017001540STCL150530s9999 xx 000 0 und d aSTCLcSTCL aPunnapra Damodaran aBharam Chumakkunnavar a1 bAuthorc1967 a0 aMalayalam20220125170747.0